Normal view
MARC view
Entry Topical Term
001 - CONTROL NUMBER
- control field: 24465
003 - CONTROL NUMBER IDENTIFIER
- control field: ARRUPE
005 - DATE AND TIME OF LATEST TRANSACTION
- control field: 20160802124221.0
008 - FIXED-LENGTH DATA ELEMENTS
- fixed length control field: 160802|| aca||aabn | a|a d
040 ## - CATALOGING SOURCE
- Original cataloging agency: ARRUPE
- Transcribing agency: ARRUPE
150 ## - HEADING--TOPICAL TERM
- Topical term or geographic name as entry element:
- Topical term following geographic name as entry element: Plotinus
670 ## - SOURCE DATA FOUND
- Source citation: Work cat.: (ARRUPE)6222: Hadot, Pierre 19169, Plotinus or the simplicity of vision